Supalonely - BENEE ft. Gus Dapperton (All Lyrics) - Statistics

General Stats
  • This quiz has been taken 81 times
  • The average score is 294 of 386
Answer Stats
Supalonely % Correct
a
98%
Bridge | Chorus I
98%
I'm
94%
i'm
94%
the
94%
be
93%
fuck
93%
lonely
93%
Lonely
93%
know
91%
Think
91%
up
91%
with
91%
fucked
89%
just
89%
Just
89%
loser
89%
Shouldn't
87%
Should'nt
87%
ya
87%
by
85%
drinkin'
85%
you're
85%
been
83%
guess
83%
where
83%
Bout
81%
in
81%
quitter
81%
thinkin'
81%
I've
80%
out
80%
there
80%
my
78%
While
78%
girl
76%
Outro | Post-Chorus La
76%
la
76%
here
74%
sad
74%
should've
74%
this
74%
world
74%
bad
72%
it
72%
to
70%
would
70%
It's
69%
mad
69%
of
69%
All
67%
big
67%
friends
67%
down
65%
Verse 2 Now
65%
now
65%
thing
65%
bitch
63%
happen
63%
Super
63%
knew
59%
but
57%
ceiling
57%
from
57%
cryin'
56%
try
56%
Verse 1 Water
56%
so
54%
what's
54%
bathtub
52%
believe
50%
Bubbles
50%
don't
50%
happened
50%
panic
50%
pouring
50%
sinking
50%
eyes
48%
hard
48%
mess
48%
can't
46%
club
46%
Maybe
46%
enough
44%
get
44%
hate
44%
still
44%
slowly
43%
stress
43%
wanna
43%
yeah
43%
dramatic
41%
seem
41%
things
41%
dreamin'
39%
myself
39%
tryna
39%
dancin'
37%
only
37%
back
35%
damned
35%
as
33%
cups
30%
I'd
30%
slam
28%
BENEE
26%
boogie
26%
Compostable
24%
romancing
24%
way
22%
loathe
17%
rub
17%
Irish
13%
itself
13%
stays
13%
buck
11%
restless
9%
No matching quizzes found
Score Distribution
Percent of People with Each Score
Percentile by Number Answered
Your Score History
You have not taken this quiz